Public relations writing : (Record no. 7635)

MARC details
000 -LEADER
fixed length control field 00797nam a22002412 4500
001 - CONTROL NUMBER
control field 0000008569
005 - DATE AND TIME OF LATEST TRANSACTION
control field 20151217152036.0
008 - FIXED-LENGTH DATA ELEMENTS--GENERAL INFORMATION
fixed length control field 080425s xx 000 0 eng d
020 ## - INTERNATIONAL STANDARD BOOK NUMBER
International Standard Book Number 8178295369 :
Terms of availability KES 1525
040 ## - CATALOGING SOURCE
Original cataloging agency KABU
Transcribing agency KABU
100 1# - MAIN ENTRY--PERSONAL NAME
Personal name Treadwell, Donald.
-- 0000159208
245 10 - TITLE STATEMENT
Title Public relations writing :
Remainder of title principles in practice /
Statement of responsibility, etc. Donald Treadwell, Jill B. Treadwell.
250 ## - EDITION STATEMENT
Edition statement 2nd ed.
260 ## - PUBLICATION, DISTRIBUTION, ETC. (IMPRINT)
Place of publication, distribution, etc. New Delhi :
Name of publisher, distributor, etc. Response Books,
Date of publication, distribution, etc. 2005.
300 ## - PHYSICAL DESCRIPTION
Extent xxvi, 516 p.
650 #0 - SUBJECT ADDED ENTRY--TOPICAL TERM
Topical term or geographic name as entry element Public relations
General subdivision Authorship.
-- 0000159209
650 #0 - SUBJECT ADDED ENTRY--TOPICAL TERM
Topical term or geographic name as entry element Public relations.
-- 0000047274
700 1# - ADDED ENTRY--PERSONAL NAME
Personal name Treadwell, Jill B.
-- 0000159210
908 ## - PUT COMMAND PARAMETER (RLIN)
Put command parameter 080425
950 ## - LOCAL HOLDINGS (RLIN)
-- 1
Holdings
Withdrawn status Lost status Source of classification or shelving scheme Not for loan Home library Current library Date acquired Total Checkouts Full call number Barcode Date last seen Date last checked out Price effective from Koha item type
    Library of Congress Classification   Kabarak, Main Campus Kabarak, Main Campus 17/12/2015 1 HD59 .T74 2005 006758 26/06/2025 10/06/2025 17/12/2015 General Collection
    Library of Congress Classification   Kabarak, Main Campus Kabarak, Main Campus 17/12/2015 2 HD59 .T74 2005 006759 02/08/2024 07/07/2017 17/12/2015 General Collection
Designed with assistance from East African Informatics Ltd